000 01464na a2200397 4500
001 17886
003 MIRAKIL
005 20181213155217.0
008 161107b tu 000 0
035 _a17886
040 _aMilas
_btur
_cTR-AnCHP
041 _atur
082 _aCHP 324.2372
_bC36y 1998
090 _aCHP 324.2372 C36y 1998
111 _aCHP Olağan Kurultay
_cAnkara
_d23-24 Mayıs 1998
_n28.
245 _aYeni yaklaşımlar yeni çözümler
_b28. olağan kurultay
_b23-24 Mayıs, Ankara
_cCumhuriyet Halk Partisi
246 _a28. Olağan Kurultay
246 _aCHP 28. Olağan Kurultayı
260 _aAnkara
_bCHP
_c[1998]
300 _a[10] s.
_bfotg.
_c30 sm.
490 _aCumhuriyet Halk Partisi yayınları
500 _aDış kapakta yapıt adı üstünde: Dünyada Yeni Sol, Türkiye'de yeni CHP
500 _aDış kapakta adı : "CHP : Değişimin gücü"
600 _aBaykal, Deniz
_cCHP Genel Başkanı
_xHedefler, 1998
610 _aCumhuriyet Halk Partisi
_xHedefler, 2008
610 _aCumhuriyet Halk Partisi
_xKurultay konuşmaları
610 _aCumhuriyet Halk Partisi
_xKurultaylar
_y1998
651 _aTürkiye
_xSiyaset ve yönetim
_y1995-1999
657 _aCHP Olağan Kurultayları
740 _aDünyada Yeni Sol, Türkiye'de yeni CHP
740 _a28. Olağan Kurultay
740 _aCHP 28. Olağan Kurultayı
740 _aCHP : Değişimin gücü
830 _aCHP yayınları
942 _2dcc
_cBKS
999 _c8587
_d8587